000 00354nam a22001697a 4500
003 UA-OsUOA
001 3194
007 ta
008 20050721b un ||||| |||| 00| 0 ukr d
100 _aFried
700 _aRichard M.
942 _cBK
040 _aUA-OsUOA
_cUA-OsUOA
_dUA-OsUOA
245 _aNightmare in red.
_bFiction
955 _a2
650 7 _2UDC
999 _c289356
_d289356